Normal view
MARC view
- Tambor, Jeffrey.
Entry Personal Name
001 - CONTROL NUMBER
- control field: 37301
003 - CONTROL NUMBER IDENTIFIER
- control field: OSt
005 - DATE AND TIME OF LATEST TRANSACTION
- control field: 20190305195732.0
008 - FIXED-LENGTH DATA ELEMENTS
- fixed length control field: 190305|| aca||aabn | a|a d
040 ## - CATALOGING SOURCE
- Original cataloging agency: OSt
- Transcribing agency: OSt
100 ## - HEADING--PERSONAL NAME
- Personal name: Tambor, Jeffrey.
670 ## - SOURCE DATA FOUND
- Source citation: Work cat.: (OSt): Tambor, Jeffrey., Garry Shandling:, c2016.
